000 00898naa a22002777u 4500
001 08361
003 HDC
007 cr bn ---aaaaa
008 210130s2005 flu eng
040 _aHDC
100 _aMcClements, David Julian,
_eauthor
_96771
245 0 _aFood Emulsions: Principles, Practices, and Techniques /
_cby David Julian McClements
250 _aSecond edition
260 _aBoca Raton :
_bCRC Press,
_c2005
300 _a16 pages
336 _atext
_2rdacontent
337 _acomputer
_2rdamedia
338 _aonline resource
_2rdacarrier
500 _aOriginal from book
650 _aEmulsions
_96772
650 _aFood
_91783
856 _zRequest full-text at [email protected]
942 _2lcc
942 _cCHAP
942 _kEBCH 004869
999 _c5684
_d5684